Statistics for 20 Cities on a World Map #4

Click here to take the quiz!

General Stats

  • This quiz has been taken 525 times
  • The average score is 18 of 20

Answers on the Map

Answers color-coded by a green-red scale on the quiz's map according to % correct below.
Loading ...
 

Answer Stats

City% Correct
Dublin
99%
Tokyo
97%
Buenos Aires
94%
Copenhagen
94%
Boston
93%
Tunis
92%
Warsaw
92%
Alexandria
91%
Caracas
90%
Houston
90%
Johannesburg
90%
Anchorage
88%
Brisbane
88%
Kuala Lumpur
86%
Beirut
84%
Hanoi
82%
Munich
79%
Luanda
77%
Chennai
75%
Cancún
73%

Score Distribution

Percentile by Number Answered

Percent of People with Each Score

Your Score History

You have not taken this quiz